000 00908nam a22003490a 4500
001 PT61356
003 AR-LpoUNG
005 20210131232029.0
008 191001s2014||||ag |||||||||||||||||spa d
020 _a9789504940982
_c$27.00
040 _aAR-LpoUNG
_bspa
_cAR-LpoUNG
_eaacr
041 _aspa
044 _aag
082 0 _a982.063 714joh
100 1 _aSorín, Daniel
245 1 0 _aJohn William Cooke :
_bla mano izquierda de Perón
250 _a1ra. ed.
260 _aBuenos Aires :
_bPlaneta,
_c2014.
300 _a624 p. :
_btbls., gráfs.
650 4 _aANALISIS HISTORICO
650 4 _aARGENTINA
650 4 _aBIOGRAFIAS
650 4 _aHISTORIA POLITICA
650 4 _aIDEOLOGIAS POLITICAS
650 4 _aMARXISMO
650 4 _aPARTIDOS POLITICOS
653 _aCOOKE, JOHN WILLIAM
653 _aPERON, JUAN DOMINGO
653 _aPERONISMO
905 _a61356
942 _cLIB
999 _c13341
_d13341